| 000 | nam a22 a 4500 | ||
|---|---|---|---|
| 999 |
_c3254 _d3254 |
||
| 005 | 20170522094819.0 | ||
| 008 | 170522s2007 my ||||| |||| 00| 0 eng d | ||
| 040 | _aAKMAL | ||
| 082 | _a352.4485 REP | ||
| 090 |
_a352.4485 _bREP |
||
| 110 | 0 | 1 |
_aWorld Customs Organization _bWCO Asia Pacific _96656 |
| 245 | 1 | 0 |
_aREPORT OF THE 17th WCO ASIA PACIFIC REGIONAL CONTACT POINTS MEETING / _cprepared by Radziah binti Abdul Razak(International Affairs Section, Royal Malaysian Customs), Asha Raman Menon ( The Embassy of Malaysia in Belgium) |
| 260 |
_aMalaysia; _bRoyal Malaysian Customs, _c2007 |
||
| 300 |
_avarious paging; _c30cm. |
||
| 650 | 1 | 0 |
_aCustoms Administration _xLaw and legislation _96000 |
| 700 | 0 |
_aRadziah binti Abdul Razak _e.(International Affairs Section, Customs Malaysia HQ) _96657 |
|
| 700 | 0 |
_aAsha Raman Menon _e. (The Embassy of Malaysia in Belgium) _96658 |
|
| 942 |
_2ddc _cBOOK |
||
| 950 | _lAKMAL | ||